[Event "2. Bundesliga West 2013/14"]
[Site "Salzburg"]
[Date "2014.03.08"]
[Round "10"]
[Board "3"]
[White "Bertagnolli, Alexander"]
[Black "Ager, Josef"]
[Result "1/2-1/2"]
[WhiteElo "2333"]
[BlackElo "2167"]
[PlyCount "73"]
[EventDate "2013.10.18"]
[EventType "team"]
[EventRounds "11"]
[EventCountry "AUT"]
[WhiteTeam "Kufstein / Woergl"]
[BlackTeam "Ranshofen"]

1. d4 Nf6 2. Nf3 g6 3. Bf4 Bg7 4. h3 d6 5. e3 Nfd7 6. Nc3 Nc6 7. Be2 O-O 8. e4
Nxd4 9. Nxd4 e5 10. Be3 exd4 11. Bxd4 Ne5 12. Qd2 Be6 13. f4 Nc6 14. Be3 a6 15.
O-O f5 16. exf5 Bxf5 17. Bf3 Re8 18. Bf2 Qd7 19. Nd5 Kh8 20. Rae1 Rab8 21. c3
Qf7 22. Bh4 Be6 23. g4 Nd4 24. Ne3 Nxf3+ 25. Rxf3 Bd7 26. f5 Bc6 27. Rf2 Be5
28. fxg6 Qxg6 29. Nf5 h5 30. Ne7 Rxe7 31. Bxe7 hxg4 32. Rxe5 dxe5 33. Rf6 Qb1+
34. Rf1 Qg6 35. Rf6 Qb1+ 36. Rf1 Qg6 37. Rf6 1/2-1/2

[Event "2. Bundesliga West 2013/14"]
[Site "Salzburg"]
[Date "2014.03.08"]
[Round "10"]
[Board "4"]
[White "Zoister, Stefan"]
[Black "Rusche, Johannes"]
[Result "1-0"]
[WhiteElo "2240"]
[BlackElo "2229"]
[PlyCount "73"]
[EventDate "2013.10.18"]
[EventType "team"]
[EventRounds "11"]
[EventCountry "AUT"]
[WhiteTeam "Ranshofen"]
[BlackTeam "Kufstein / Woergl"]

1. e4 e5 2. f4 exf4 3. Nf3 g5 4. h4 g4 5. Ne5 Nf6 6. d4 d6 7. Nd3 Nxe4 8. Bxf4
Qe7 9. Qe2 Nc6 10. c3 Bf5 11. Nd2 Nxd2 12. Qxe7+ Nxe7 13. Bxd2 h5 14. Be2 Bh6
15. Bxh6 Rxh6 16. O-O O-O-O 17. Rae1 Be6 18. Nf4 Nf5 19. Nxe6 fxe6 20. d5 Ne3
21. Rf7 Nxd5 22. Bc4 Rf6 23. Rxf6 Nxf6 24. Bxe6+ Kb8 25. Bf7 Rf8 26. Bg6 Rg8
27. Bf7 Rg7 28. Bxh5 Kc8 29. Be8 Kd8 30. Ba4 g3 31. Re6 Nd7 32. h5 Rg5 33. Rg6
Re5 34. Rg8+ Ke7 35. Rxg3 b5 36. h6 bxa4 37. h7 1-0

[Event "2. Bundesliga West 2013/14"]
[Site "Salzburg"]
[Date "2014.03.08"]
[Round "10"]
[Board "5"]
[White "Neuschmied, Siegfried"]
[Black "Riediger, Martin"]
[Result "1/2-1/2"]
[WhiteElo "2221"]
[BlackElo "2264"]
[PlyCount "127"]
[EventDate "2013.10.18"]
[EventType "team"]
[EventRounds "11"]
[EventCountry "AUT"]
[WhiteTeam "Kufstein / Woergl"]
[BlackTeam "Ranshofen"]

1. e4 e5 2. Nf3 Nc6 3. d4 exd4 4. Nxd4 Bc5 5. Nb3 Bb4+ 6. Bd2 Bxd2+ 7. Qxd2 Nf6
8. Nc3 O-O 9. O-O-O d6 10. f3 Be6 11. Kb1 Nd7 12. g4 Qf6 13. Bg2 Qh4 14. h3 Nb6
15. f4 Qg3 16. Nd5 Nc4 17. Qe2 Bxd5 18. exd5 N6a5 19. Rhe1 Nxb3 20. axb3 Nb6
21. Qe4 f5 22. gxf5 Rae8 23. Qxe8 Rxe8 24. Rxe8+ Kf7 25. Re2 Qxf4 26. Rde1 Qg5
27. f6 gxf6 28. Re7+ Kg6 29. Bf3 Qf4 30. Bh1 Qg3 31. Rf1 f5 32. Rxc7 Qxh3 33.
Rg1+ Kf6 34. Rxb7 Nc8 35. Re1 Qh4 36. Re6+ Kg5 37. Bf3 Qf2 38. Bd1 Qd2 39. Bf3
Kf4 40. Bh5 Qxd5 41. Rb4+ Kg5 42. Bf7 Qd1+ 43. Ka2 Qxc2 44. Bg8 Qc7 45. Re2 Ne7
46. Bc4 Nc6 47. Rb5 Ne5 48. Rc2 h5 49. Kb1 a6 50. Rd5 Qc6 51. Rd1 h4 52. Bd5
Qb5 53. Rcd2 h3 54. Rh1 Qb4 55. Rdh2 Qd4 56. Bb7 Qd3+ 57. Ka2 Qb5 58. Bc8 Qe8
59. Bb7 Qb5 60. Bc8 Qc6 61. Be6 d5 62. Bg8 Qa8 63. Bh7 f4 64. Rxh3 1/2-1/2

[Event "2. Bundesliga West 2013/14"]
[Site "Salzburg"]
[Date "2014.03.08"]
[Round "10"]
[Board "6"]
[White "Kuecher, Wolfgang"]
[Black "Steinbacher, Thomas"]
[Result "1/2-1/2"]
[WhiteElo "2079"]
[BlackElo "2116"]
[PlyCount "120"]
[EventDate "2013.10.18"]
[EventType "team"]
[EventRounds "11"]
[EventCountry "AUT"]
[WhiteTeam "Ranshofen"]
[BlackTeam "Kufstein / Woergl"]

1. d4 d5 2. Nf3 c5 3. c3 Nf6 4. g3 Bf5 5. Bg2 e6 6. O-O Bd6 7. Nbd2 Nc6 8. dxc5
Bxc5 9. Nh4 Bg4 10. Nb3 Bb6 11. Nf3 O-O 12. Nbd4 Qe7 13. Nxc6 bxc6 14. Ne5 Qb7
15. Nxg4 Nxg4 16. b3 Qe7 17. e4 Ne5 18. exd5 cxd5 19. Qe2 Qf6 20. Bb2 Rad8 21.
Rad1 Ng6 22. c4 d4 23. Ba3 Ne7 24. Rd3 Rd7 25. c5 Bc7 26. f4 Rc8 27. Rfd1 Rdd8
28. Be4 Nd5 29. Bxd5 Rxd5 30. Bb2 e5 31. fxe5 Bxe5 32. Rf1 Qg6 33. b4 Bf6 34.
Re1 h6 35. Qe4 Re5 36. Qxg6 Rxe1+ 37. Kf2 fxg6 38. Kxe1 Re8+ 39. Kf2 Rd8 40.
Kf3 Kf7 41. a4 Rd5 42. Ba3 Ke6 43. Ke4 a6 44. b5 axb5 45. axb5 Be7 46. b6 Bxc5
47. Bxc5 Rxc5 48. Rb3 Rc8 49. b7 Rb8 50. Kxd4 Kd7 51. Kd5 g5 52. h3 h5 53. Ke5
g4 54. Kf5 gxh3 55. Rb2 Kc6 56. Rh2 Rxb7 57. Rxh3 Rb3 58. Kg5 g6 59. Kxg6 h4
60. Rxh4 Rxg3+ 1/2-1/2

[Event "2. Bundesliga West 2013/14"]
[Site "Salzburg"]
[Date "2014.03.08"]
[Round "10"]
[Board "1"]
[White "Votava, Jan"]
[Black "Lammers, Markus"]
[Result "1-0"]
[WhiteElo "2524"]
[BlackElo "2353"]
[PlyCount "78"]
[EventDate "2013.10.18"]
[EventType "team"]
[EventRounds "11"]
[EventCountry "AUT"]
[WhiteTeam "Zillertal"]
[BlackTeam "SIR Bernhard 2"]

1. d4 d5 2. c4 dxc4 3. Nf3 Nf6 4. e3 e6 5. Bxc4 c5 6. O-O a6 7. Qe2 Nc6 8. Rd1
cxd4 9. exd4 Be7 10. Nc3 O-O 11. d5 exd5 12. Nxd5 Nxd5 13. Bxd5 Qc7 14. Qe4 Bf6
15. Bg5 Qe7 16. Qxe7 Nxe7 17. Bxf6 Nxd5 18. Bxg7 Kxg7 19. Rxd5 Be6 20. Rd2 Rad8
21. Nd4 Bc8 22. Rad1 Rd5 23. f3 Re8 24. Kf2 h5 25. h4 Rc5 26. Ne2 Be6 27. Nd4
Bc8 28. Rd3 Kf6 29. R1d2 Rc4 30. b3 Rc1 31. Ne2 Rh1 32. Rd4 Ra1 33. Rd5 Re5 34.
Rxe5 Kxe5 35. Ng3 a5 36. Nxh5 b5 37. Ng3 Be6 38. Ne2 b4 39. Nd4 Bd5 1-0

[Event "2. Bundesliga West 2013/14"]
[Site "Salzburg"]
[Date "2014.03.08"]
[Round "10"]
[Board "2"]
[White "Durakovic, Alman"]
[Black "Lanka, Zigurds"]
[Result "1-0"]
[WhiteElo "2272"]
[BlackElo "2432"]
[PlyCount "75"]
[EventDate "2013.10.18"]
[EventType "team"]
[EventRounds "11"]
[EventCountry "AUT"]
[WhiteTeam "SIR Bernhard 2"]
[BlackTeam "Zillertal"]

1. d4 Nf6 2. c4 c5 3. d5 b5 4. cxb5 a6 5. bxa6 g6 6. Nc3 Bxa6 7. Nf3 Bg7 8. g3
d6 9. Bg2 Nbd7 10. O-O Nb6 11. Re1 O-O 12. Bg5 h6 13. Bf4 Nh5 14. Bd2 Nc4 15.
Bc1 Qa5 16. Nd2 Ne5 17. Nf3 Nc4 18. Nd2 Na3 19. Ndb1 Nxb1 20. Rxb1 f5 21. Qc2
Nf6 22. Bd2 Qc7 23. e4 fxe4 24. Bxe4 Nxe4 25. Qxe4 g5 26. Qxe7 Qxe7 27. Rxe7
Rab8 28. b3 Bd3 29. Rbe1 c4 30. Ne4 Ra8 31. Bc3 Bxc3 32. Nxc3 Rac8 33. b4 Bf5
34. a4 Ra8 35. Ra1 Bh3 36. a5 Rf3 37. Re3 Rxe3 38. fxe3 1-0

[Event "2. Bundesliga West 2013/14"]
[Site "Salzburg"]
[Date "2014.03.08"]
[Round "10"]
[Board "3"]
[White "Maiwald, Jens-Uwe"]
[Black "Huch, Reiner"]
[Result "1-0"]
[WhiteElo "2465"]
[BlackElo "2334"]
[PlyCount "61"]
[EventDate "2013.10.18"]
[EventType "team"]
[EventRounds "11"]
[EventCountry "AUT"]
[WhiteTeam "Zillertal"]
[BlackTeam "SIR Bernhard 2"]

1. Nf3 d5 2. g3 Nf6 3. Bg2 b5 4. O-O e6 5. d4 Be7 6. Bg5 O-O 7. Nbd2 Nbd7 8. c3
c5 9. a4 bxa4 10. Qxa4 Qb6 11. Ne5 Bd6 12. Ndc4 Qc7 13. Nxd6 Qxd6 14. Bf4 Qb6
15. Nc4 dxc4 16. Bxa8 cxd4 17. Qxa7 Qxb2 18. Bd6 Re8 19. Qxd4 Qxe2 20. Rfe1 Qh5
21. Bc6 h6 22. Ra8 e5 23. Qh4 Qf5 24. Qxc4 e4 25. Qb5 Qe6 26. Bf4 g5 27. Bc7
Qh3 28. f3 e3 29. g4 Nxg4 30. fxg4 Qxg4+ 31. Bg3 1-0

[Event "2. Bundesliga West 2013/14"]
[Site "Salzburg"]
[Date "2014.03.08"]
[Round "10"]
[Board "4"]
[White "Pflug, Mathias"]
[Black "Hausner, Ivan"]
[Result "0-1"]
[WhiteElo "2298"]
[BlackElo "2378"]
[PlyCount "61"]
[EventDate "2013.10.18"]
[EventType "team"]
[EventRounds "11"]
[EventCountry "AUT"]
[WhiteTeam "SIR Bernhard 2"]
[BlackTeam "Zillertal"]

1.e4 e6 2.d4 d5 3.Nc3 Be7 4.e5 b6 5.f4 Ba6 6.Nf3 Bxf1 7.Rxf1 Qd7 8.Be3 Nc6 9.Qe2 Nh6
10.O-O-O Bb4 11.Qd3 Nf5 12.Bf2 h5 13.g3 Be7 14.h3 O-O-O 15.Rg1 Kb7 16.g4 hxg4 17.hxg4
Nh6 18.Be3 f5 19.exf6 gxf6 20.f5 exf5 21.Bxh6 fxg4 22.Nh2 Rxh6 23.Nxg4 Rh4 24.Qg6
Qe6 25.Rde1 Rg8 26.Rxe6 Rxg6 27.Nxd5 Bd8 28.Rxc6 Kxc6 29.Ndxf6 Kb7 30.Rf1 Rh8 31.Kd20-1 0-1

[Event "2. Bundesliga West 2013/14"]
[Site "Salzburg"]
[Date "2014.03.08"]
[Round "10"]
[Board "5"]
[White "Platzgummer, Fabian"]
[Black "Wieneroiter, Gerald"]
[Result "1-0"]
[WhiteElo "2314"]
[BlackElo "2156"]
[PlyCount "147"]
[EventDate "2013.10.18"]
[EventType "team"]
[EventRounds "11"]
[EventCountry "AUT"]
[WhiteTeam "Zillertal"]
[BlackTeam "SIR Bernhard 2"]

1. Nf3 d5 2. g3 Nf6 3. Bg2 e6 4. O-O Be7 5. c4 c6 6. d4 Nbd7 7. Nbd2 O-O 8. Qc2
b6 9. e4 Bb7 10. e5 Ne8 11. cxd5 cxd5 12. Re1 Qc8 13. Qb3 Ba6 14. Nf1 Qc4 15.
Qd1 Rc8 16. Ne3 Qc6 17. Bd2 b5 18. Rc1 Qb7 19. Rxc8 Qxc8 20. Qb3 Qb7 21. Bb4
Nb6 22. Nc2 Nc4 23. Qc3 Bxb4 24. Nxb4 Nc7 25. b3 Nb6 26. Nd3 Nd7 27. b4 Nb6 28.
Nc5 Qc6 29. Nd2 Bc8 30. f4 Nc4 31. Nf3 Na6 32. Rf1 Nxc5 33. dxc5 Qa6 34. Rf2
Qa3 35. Qb3 a6 36. Rc2 Qxb3 37. axb3 Ne3 38. Rd2 Nf5 39. Rc2 Bb7 40. Kf2 Ne7
41. Nd4 Nc6 42. Nxc6 Bxc6 43. Ra2 Bb7 44. Ke3 Rc8 45. Kd4 Kf8 46. Bf1 Ra8 47.
Bd3 Bc6 48. g4 g6 49. h4 Kg7 50. Rh2 Rh8 51. f5 h5 52. f6+ Kh6 53. gxh5 Kxh5
54. Be2+ Kh6 55. Rg2 Rd8 56. Rg1 Rg8 57. Ke3 Rd8 58. Kf4 d4 59. Bf3 Bxf3 60.
Kxf3 Kh5 61. Kf4 d3 62. Rd1 Rd5 63. Rd2 Rd7 64. Ke4 Kxh4 65. Rxd3 Rc7 66. Rd6
g5 67. c6 g4 68. Kd4 g3 69. Kc5 g2 70. Rd1 Kh3 71. Kd6 Rc8 72. Kd7 Rg8 73. c7
Rg4 74. c8=Q 1-0

[Event "2. Bundesliga West 2013/14"]
[Site "Salzburg"]
[Date "2014.03.08"]
[Round "10"]
[Board "6"]
[White "Huber, Wolfgang"]
[Black "Schiestl, Josef"]
[Result "0-1"]
[WhiteElo "2046"]
[BlackElo "2102"]
[PlyCount "46"]
[EventDate "2013.10.18"]
[EventType "team"]
[EventRounds "11"]
[EventCountry "AUT"]
[WhiteTeam "SIR Bernhard 2"]
[BlackTeam "Zillertal"]

1.e4 c5 2.c3 Nf6 3.e5 Nd5 4.Nf3 d6 5.exd6 e6 6.Bc4 Bxd6 7.O-O O-O 8.d4 cxd4 9.cxd4
Nc6 10.Nc3 Nxc3 11.bxc3 b6 12.Ng5 h6 13.Ne4 Be7 14.Qh5 Na5 15.Bd3 Qd5 16.Qe2 Bb7 17.f3
Rac8 18.Bd2 Rfd8 19.Rfc1 Nc4 20.Bf4 Kf8 21.a4 Na5 22.Nd2 Rxc3 23.Be5 Rxd30-1 0-1

[Event "2. Bundesliga West 2013/14"]
[Site "Salzburg"]
[Date "2014.03.08"]
[Round "10"]
[Board "1"]
[White "Bayer, Bernhard"]
[Black "Milanovic, Danilo"]
[Result "1-0"]
[WhiteElo "2444"]
[BlackElo "2506"]
[PlyCount "73"]
[EventDate "2013.10.18"]
[EventType "team"]
[EventRounds "11"]
[EventCountry "AUT"]
[WhiteTeam "Schwaz"]
[BlackTeam "Dornbirn"]

1. Nf3 Nf6 2. g3 d5 3. Bg2 c6 4. b3 Bf5 5. Bb2 e6 6. d3 Be7 7. Nbd2 O-O 8. Nh4
Bg4 9. h3 Bh5 10. g4 Nfd7 11. Nhf3 Bg6 12. e4 a5 13. a3 c5 14. O-O Nc6 15. Qe2
a4 16. Rfe1 Bf6 17. Bxf6 Qxf6 18. Rab1 Qc3 19. exd5 exd5 20. Nf1 Nf6 21. Qd2
Qxd2 22. N1xd2 Rfb8 23. Ne5 Nd4 24. Rb2 axb3 25. Nxb3 Ne6 26. h4 c4 27. Nc1 Nd4
28. h5 c3 29. Ra2 Bxh5 30. gxh5 Re8 31. Kf1 Rad8 32. Nf3 Rxe1+ 33. Kxe1 Nc6 34.
Ne2 d4 35. h6 gxh6 36. Ra1 Rd7 37. Rb1 1-0

[Event "2. Bundesliga West 2013/14"]
[Site "Salzburg"]
[Date "2014.03.08"]
[Round "10"]
[Board "2"]
[White "Drabke, Lorenz"]
[Black "Panteleev, Petar"]
[Result "1-0"]
[WhiteElo "2459"]
[BlackElo "2306"]
[PlyCount "115"]
[EventDate "2013.10.18"]
[EventType "team"]
[EventRounds "11"]
[EventCountry "AUT"]
[WhiteTeam "Dornbirn"]
[BlackTeam "Schwaz"]

1. e4 e5 2. Bc4 Nc6 3. Nf3 Bc5 4. c3 Nf6 5. d3 O-O 6. b4 Be7 7. O-O d5 8. exd5
Nxd5 9. b5 Na5 10. Bxd5 Qxd5 11. c4 Qd8 12. Bd2 e4 13. Bxa5 exf3 14. Qxf3 a6
15. a4 Bf6 16. Bc3 axb5 17. cxb5 Bxc3 18. Nxc3 Qd4 19. Rfc1 Rd8 20. Ne2 Qd6 21.
a5 h6 22. h3 Rb8 23. Qf4 Qxf4 24. Nxf4 Bd7 25. Rab1 c6 26. bxc6 bxc6 27. d4 Ra8
28. Rc5 Kf8 29. Nd3 Be8 30. Rb4 f6 31. f3 Ra7 32. Kf2 Rda8 33. Ra4 Ke7 34. Ke3
Kd6 35. Nb4 Bd7 36. a6 Rb8 37. Kd3 Rb6 38. Kc3 Be6 39. Ra3 Bd7 40. Rca5 Bc8 41.
Ra2 Be6 42. Re2 Bd7 43. g4 Be6 44. f4 Rb5 45. Rxb5 cxb5 46. f5 Rc7+ 47. Kb2 Bf7
48. Rc2 Bc4 49. Rc3 Ra7 50. Re3 Bf7 51. Ka3 Rc7 52. d5 Rc1 53. Kb2 Rc4 54. Rb3
Rc7 55. Rc3 Ra7 56. Rc6+ Ke5 57. d6 Ra8 58. d7 1-0

[Event "2. Bundesliga West 2013/14"]
[Site "Salzburg"]
[Date "2014.03.08"]
[Round "10"]
[Board "3"]
[White "Fuchs, Georg"]
[Black "Novkovic, Julia"]
[Result "1-0"]
[WhiteElo "2230"]
[BlackElo "2110"]
[PlyCount "49"]
[EventDate "2013.10.18"]
[EventType "team"]
[EventRounds "11"]
[EventCountry "AUT"]
[WhiteTeam "Schwaz"]
[BlackTeam "Dornbirn"]

1. e4 e5 2. Nf3 Nc6 3. Bc4 Nf6 4. d3 Be7 5. Nc3 d6 6. Be3 Na5 7. Qd2 a6 8. a3
Nxc4 9. dxc4 Ng4 10. O-O-O Be6 11. Nd5 h6 12. Kb1 O-O 13. h3 Nxe3 14. Qxe3 b6
15. g4 Bg5 16. Nxg5 hxg5 17. h4 gxh4 18. g5 Bxd5 19. Rxh4 Bxe4 20. Qxe4 g6 21.
Rh8+ Kg7 22. Rh7+ Kg8 23. Qh4 Qxg5 24. Qxg5 Kxh7 25. Qf6 1-0

[Event "2. Bundesliga West 2013/14"]
[Site "Salzburg"]
[Date "2014.03.08"]
[Round "10"]
[Board "4"]
[White "Kanonier, Clemens"]
[Black "Gruber, Michael"]
[Result "1-0"]
[WhiteElo "2112"]
[BlackElo "2205"]
[PlyCount "67"]
[EventDate "2013.10.18"]
[EventType "team"]
[EventRounds "11"]
[EventCountry "AUT"]
[WhiteTeam "Dornbirn"]
[BlackTeam "Schwaz"]

1. e4 e5 2. Nf3 Nc6 3. Bc4 Bc5 4. c3 Nf6 5. d3 a6 6. Nbd2 O-O 7. Bb3 Ba7 8. Nf1
d5 9. Qe2 h6 10. Ng3 Re8 11. O-O Be6 12. Rd1 Qe7 13. h3 Rad8 14. Bc2 dxe4 15.
dxe4 Rxd1+ 16. Bxd1 Qd6 17. Bc2 Ne7 18. Nh4 Qc6 19. Qf3 Bc8 20. Bb3 g5 21. Nh5
Nxh5 22. Qxf7+ Kh8 23. Bxg5 Rg8 24. Bxe7 Rg7 25. Qxh5 Bxh3 26. Bd5 Bxf2+ 27.
Kh1 Bg4 28. Qxe5 Qe8 29. Bf6 Qxe5 30. Ng6+ Kh7 31. Nf8+ Kh8 32. Bxe5 c6 33. Be6
Bc5 34. Bxg4 1-0

[Event "2. Bundesliga West 2013/14"]
[Site "Salzburg"]
[Date "2014.03.08"]
[Round "10"]
[Board "5"]
[White "Kondrak, Christof"]
[Black "Scheffknecht, Philipp"]
[Result "1/2-1/2"]
[WhiteElo "2165"]
[BlackElo "2124"]
[PlyCount "172"]
[EventDate "2013.10.18"]
[EventType "team"]
[EventRounds "11"]
[EventCountry "AUT"]
[WhiteTeam "Schwaz"]
[BlackTeam "Dornbirn"]

1. d4 Nf6 2. c4 g6 3. Nc3 Bg7 4. Nf3 O-O 5. Bg5 h6 6. Bh4 c5 7. d5 d6 8. e4 Qa5
9. Nd2 a6 10. Bd3 Nbd7 11. Nb3 Qc7 12. Be2 e6 13. dxe6 fxe6 14. Qd2 Ne5 15. Rd1
Ne8 16. f4 Nc6 17. Bf2 b6 18. O-O Ne7 19. Be3 Bb7 20. f5 exf5 21. Bxh6 Rd8 22.
Bg5 Nf6 23. exf5 gxf5 24. Bf3 Rd7 25. Bxf6 Rxf6 26. Nd5 Nxd5 27. Bxd5+ Bxd5 28.
Qxd5+ Rdf7 29. Nc1 Bh6 30. Rd3 Qe7 31. Rg3+ Kh7 32. Nd3 Qe4 33. Rgf3 Qxd5 34.
cxd5 Kg6 35. Re1 f4 36. Re4 Rf5 37. g3 fxg3 38. Rxg3+ Kh7 39. Re6 R5f6 40. Re8
Rf5 41. Re6 Rxd5 42. Rh3 Rg5+ 43. Rg3 Rfg7 44. Rxd6 Rxg3+ 45. hxg3 Rxg3+ 46.
Kf2 Rh3 47. Ke2 Re3+ 48. Kd1 Bf8 49. Rd7+ Kg6 50. Nf4+ Kg5 51. Nd5 Re6 52. Kc2
b5 53. Nc7 Rc6 54. Rf7 Bd6 55. Nd5 Be5 56. Rf2 Rh6 57. Nc3 Rh4 58. Re2 Kf5 59.
Rf2+ Ke6 60. Rg2 Rh2 61. Rxh2 Bxh2 62. b3 Be5 63. Ne2 Kd5 64. Nc1 c4 65. bxc4+
bxc4 66. Ne2 Kc5 67. Nc3 Bxc3 68. Kxc3 Kb5 69. Kc2 Kb4 70. Kb2 c3+ 71. Kc2 Kc4
72. Kc1 Kd3 73. Kd1 a5 74. Kc1 Kc4 75. Kc2 Kb4 76. Kc1 Kc4 77. Kc2 Kd4 78. Kc1
Kd3 79. Kd1 a4 80. Kc1 Kc4 81. Kc2 Kb4 82. Kd3 a3 83. Kc2 Kc4 84. Kc1 Kd3 85.
Kd1 c2+ 86. Kc1 Kc3 1/2-1/2

[Event "2. Bundesliga West 2013/14"]
[Site "Salzburg"]
[Date "2014.03.08"]
[Round "10"]
[Board "6"]
[White "Gsteu, Peter"]
[Black "Binder, Moriz"]
[Result "0-1"]
[WhiteElo "2146"]
[BlackElo "2044"]
[PlyCount "76"]
[EventDate "2013.10.18"]
[EventType "team"]
[EventRounds "11"]
[EventCountry "AUT"]
[WhiteTeam "Dornbirn"]
[BlackTeam "Schwaz"]

1.d4 d5 2.Nf3 c6 3.Bf4 Nf6 4.e3 Bf5 5.c4 e6 6.Qb3 Qb6 7.c5 Qxb3 8.axb3 Nbd7 9.Nc3
Nh5 10.b4 Nxf4 11.exf4 f6 12.Be2 Be7 13.O-O O-O 14.Rfe1 g5 15.fxg5 fxg5 16.h3 Bf6
17.b5 e5 18.bxc6 bxc6 19.dxe5 Nxe5 20.Nxe5 Bxe5 21.Ra6 Bd4 22.Bf3 Bd7 23.Re7 Rad8
24.Rxa7 Bxh3 25.Rxh7 Bf5 26.Rhc7 g4 27.Bd1 g3 28.Ne2 Bxf2+ 29.Kh1 Rf6 30.Nxg3 Rh6+
31.Nh5 Bxc5 32.Rab7 Re8 33.Rg7+ Kh8 34.g4 Re1+ 35.Kg2 Be4+ 36.Bf3 Rg1+ 37.Kh2 Rxh5+
38.gxh5 Rxg70-1 0-1

[Event "2. Bundesliga West 2013/14"]
[Site "Salzburg"]
[Date "2014.03.08"]
[Round "10"]
[Board "1"]
[White "Burschowsky, Matthias"]
[Black "Wegener, Olaf"]
[Result "0-1"]
[WhiteElo "2186"]
[BlackElo "2437"]
[PlyCount "58"]
[EventDate "2013.10.18"]
[EventType "team"]
[EventRounds "11"]
[EventCountry "AUT"]
[WhiteTeam "Pradl"]
[BlackTeam "Rochade Rum"]

1.c4 Nf6 2.Nf3 e6 3.g3 d5 4.b3 d4 5.Bg2 c5 6.O-O Nc6 7.d3 h6 8.Na3 Be7 9.Bd2 O-O 10.Nc2
e5 11.a3 a5 12.Rb1 e4 13.Nfe1 Bf5 14.b4 axb4 15.axb4 b6 16.bxc5 bxc5 17.dxe4 Bxe4
18.Nd3 Ra4 19.f3 Bh7 20.Rb5 Qa8 21.Nxc5 Bxc2 22.Qxc2 Ra2 23.Qd1 Na7 24.f4 Qe8 25.Ne4
Nxb5 26.Nxf6+ Bxf6 27.cxb5 Qxb5 28.Bf3 d3 29.exd3 Qb20-1 0-1

[Event "2. Bundesliga West 2013/14"]
[Site "Salzburg"]
[Date "2014.03.08"]
[Round "10"]
[Board "2"]
[White "Zimmermann, Ulrich"]
[Black "Matt, Stefan"]
[Result "1-0"]
[WhiteElo "2272"]
[BlackElo "2073"]
[PlyCount "55"]
[EventDate "2013.10.18"]
[EventType "team"]
[EventRounds "11"]
[EventCountry "AUT"]
[WhiteTeam "Rochade Rum"]
[BlackTeam "Pradl"]

1. Nf3 f5 2. g3 Nf6 3. Bg2 g6 4. O-O Bg7 5. d3 d6 6. c3 Nc6 7. Qb3 e6 8. Nbd2
O-O 9. e4 Kh8 10. exf5 gxf5 11. Ng5 Qe8 12. d4 Nd8 13. Re1 Qh5 14. Ndf3 Bd7 15.
Nh4 Ng4 16. h3 f4 17. Bxf4 Rxf4 18. gxf4 Nxf2 19. Qc2 Nxh3+ 20. Bxh3 Qxh4 21.
Qf2 Qh5 22. Qe2 Qh4 23. Qg4 Qh6 24. d5 Qf6 25. dxe6 Bc6 26. e7 Nf7 27. Re6 Nxg5
28. Rxf6 1-0

[Event "2. Bundesliga West 2013/14"]
[Site "Salzburg"]
[Date "2014.03.08"]
[Round "10"]
[Board "3"]
[White "Lins, Philipp"]
[Black "Pogan, Nikolas"]
[Result "0-1"]
[WhiteElo "2067"]
[BlackElo "2293"]
[PlyCount "92"]
[EventDate "2013.10.18"]
[EventType "team"]
[EventRounds "11"]
[EventCountry "AUT"]
[WhiteTeam "Pradl"]
[BlackTeam "Rochade Rum"]

1.Nf3 Nf6 2.g3 g6 3.Bg2 Bg7 4.O-O O-O 5.c4 d6 6.Nc3 Nc6 7.d4 a6 8.h3 Rb8 9.e4 b5 10.cxb5
axb5 11.Qc2 Ba6 12.Rd1 b4 13.e5 bxc3 14.exf6 cxb2 15.Bxb2 Nb4 16.Qa4 Bxf6 17.Bc3 Qe8
18.Qa3 Nd5 19.Be1 Be2 20.Rd2 Qb5 21.h4 e6 22.Qc1 c5 23.a4 Qa6 24.Raa2 Bxf3 25.Bxf3
Nb4 26.dxc5 Nxa2 27.Rxa2 Rfc8 28.c6 d5 29.Qf4 Bg7 30.Kg2 Qxc6 31.Be2 e5 32.Qd2 d4+
33.Kh2 e4 34.Bb5 Qd5 35.Rc2 Rxc2 36.Qxc2 d3 37.Qc1 h5 38.Bd2 Rxb5 39.axb5 Qxb5 40.Qe1
Qf5 41.Be3 Qf3 42.Qa5 Kh7 43.Qd5 Bh6 44.Bf4 Qxf2+ 45.Kh3 d2 46.Qxf7+ Bg70-1 0-1

[Event "2. Bundesliga West 2013/14"]
[Site "Salzburg"]
[Date "2014.03.08"]
[Round "10"]
[Board "4"]
[White "Hoellrigl, Wilfried"]
[Black "Praxmarer, Christian"]
[Result "1/2-1/2"]
[WhiteElo "2183"]
[BlackElo "1989"]
[PlyCount "60"]
[EventDate "2013.10.18"]
[EventType "team"]
[EventRounds "11"]
[EventCountry "AUT"]
[WhiteTeam "Rochade Rum"]
[BlackTeam "Pradl"]

1. Nf3 e6 2. g3 f5 3. Bg2 Nf6 4. d3 Nc6 5. Nbd2 d6 6. c3 Be7 7. e4 O-O 8. exf5
exf5 9. O-O Kh8 10. Re1 f4 11. Ng5 Ne5 12. Nc4 fxg3 13. fxg3 Nfg4 14. Nf3 Nxc4
15. dxc4 c6 16. h3 Qb6+ 17. Qd4 Ne5 18. Nxe5 dxe5 19. Qxb6 axb6 20. Rxe5 Bd6
21. Re2 Bxg3 22. Be3 Re8 23. Rf1 Be6 24. b3 Bg8 25. Rf3 Be5 26. Rc2 b5 27. cxb5
cxb5 28. Rf1 Rac8 29. Rfc1 Re7 30. Bb6 Rce8 1/2-1/2

[Event "2. Bundesliga West 2013/14"]
[Site "Salzburg"]
[Date "2014.03.08"]
[Round "10"]
[Board "5"]
[White "Nedelchev, Nikolay"]
[Black "Hengl, Christian"]
[Result "0-1"]
[WhiteElo "2045"]
[BlackElo "2214"]
[PlyCount "96"]
[EventDate "2013.10.18"]
[EventType "team"]
[EventRounds "11"]
[EventCountry "AUT"]
[WhiteTeam "Pradl"]
[BlackTeam "Rochade Rum"]

1.d4 d5 2.Nf3 Nf6 3.Bg5 e6 4.Nbd2 c5 5.c3 Nc6 6.e3 h6 7.Bh4 g5 8.Bg3 Nh5 9.Be5 f6
10.Bg3 f5 11.Ne5 Nxg3 12.Nxc6 bxc6 13.hxg3 g4 14.Qa4 Qb6 15.dxc5 Bxc5 16.O-O-O Rb8
17.Nb3 Bd7 18.Qf4 Bf8 19.Qe5 Rh7 20.Rd2 Kf7 21.e4 h5 22.exf5 exf5 23.f4 Rh6 24.Qd4
Re8 25.Bd3 Re3 26.Qxb6 axb6 27.Nd4 Kf6 28.Ne2 Rh7 29.Kd1 Bc5 30.Bc2 Be8 31.Rd3 Rhe7
32.Rxe3 Bxe3 33.Rf1 c5 34.b3 Bb5 35.c4 dxc4 36.Nc3 Bc6 37.bxc4 Rd7+ 38.Nd5+ Bxd5 39.cxd5
Rxd5+ 40.Ke2 Rd2+ 41.Kxe3 Rxc2 42.Rb1 Rxg2 43.Rxb6+ Ke7 44.Rb7+ Ke6 45.Rb6+ Kd5 46.a4
Rxg3+ 47.Ke2 Ra3 48.Ra6 Ke40-1 0-1

[Event "2. Bundesliga West 2013/14"]
[Site "Salzburg"]
[Date "2014.03.08"]
[Round "10"]
[Board "6"]
[White "Jedinger, Andreas"]
[Black "Haemmerle, Gernot"]
[Result "1-0"]
[WhiteElo "2169"]
[BlackElo "2042"]
[PlyCount "99"]
[EventDate "2013.10.18"]
[EventType "team"]
[EventRounds "11"]
[EventCountry "AUT"]
[WhiteTeam "Rochade Rum"]
[BlackTeam "Pradl"]

1. e4 c5 2. Nf3 a6 3. c4 g6 4. d4 cxd4 5. Qxd4 Nf6 6. Nc3 Nc6 7. Qd1 d6 8. Be2
Bg7 9. O-O O-O 10. Bd2 Bd7 11. Rb1 Rc8 12. b4 a5 13. a3 axb4 14. axb4 Ra8 15.
Qb3 Bg4 16. Be3 Nd7 17. Rfd1 Kh8 18. h3 Bxf3 19. Bxf3 Nce5 20. Be2 f5 21. exf5
gxf5 22. Nd5 e6 23. Nf4 Qe7 24. Nh5 Rg8 25. f4 Nf7 26. Bf3 Rab8 27. Nxg7 Rxg7
28. Qd3 Nf6 29. Ra1 Rbg8 30. Ra7 Ne4 31. Ra2 Qh4 32. Bxe4 fxe4 33. Qxe4 Qxh3
34. Rd3 Qg4 35. Qxb7 Ne5 36. Qe4 Nf3+ 37. Kf1 Nh2+ 38. Ke1 d5 39. cxd5 exd5 40.
Rxd5 Qg3+ 41. Ke2 Qg4+ 42. Kd3 Qd1+ 43. Kc3 Qe1+ 44. Kb3 Ng4 45. Rd3 Rb8 46.
Qd4 Nf6 47. Rad2 Nd7 48. Qc3 Qb1+ 49. Rb2 Nc5+ 50. Bxc5 1-0